| 000 | 00963cam a22001934a 4500 | ||
|---|---|---|---|
| 005 | 20250605163926.0 | ||
| 008 | 250528s ||||||||||||||||||||||||d | ||
| 035 | _a14536 | ||
| 020 | _a140800956 | ||
| 040 |
_aGR-AtMCL _bgre _dGR-AtMCL _eAACR2 |
||
| 245 | 1 | _aVigilance and Habituation / A Neuropsychological Approach | |
| 260 |
_bPenguin Books, _c1969 |
||
| 300 | _a240 | ||
| 520 | _aThis book emphasizes the growing links between psychology and neuropsychology. Editorial Foreword, Introduction, The Nature of the Vigilance Task, Other Tasks Showing Temporal Decrement, The Evoked Potential, Physiological Arousal and Activation, Habituation and Neuronal Inhibition, Vigilance and Arousal and Individual Differences, Sleep Loss and Noise and Sensory Deprivation, Temperature and Drugs and Other Stresses, Summary and Conclusions, References, Acknowledgements, Index. | ||
| 700 | 1 |
_aMackworth Jane F _9240 |
|
| 942 | _cBK | ||
| 999 |
_c161 _d161 |
||